QUEST Central Library Banner

Aircraft reciprocating engines : (Record no. 6091)

MARC details
000 -LEADER
fixed length control field 00648nam a2200169 a 4500
020 ## - INTERNATIONAL STANDARD BOOK NUMBER
ISBN 0891000755 (paperback)
020 ## - INTERNATIONAL STANDARD BOOK NUMBER
ISBN 9780891000754 (paperback)
100 1# - MAIN ENTRY--AUTHOR NAME
Personal name Crane, Dale.
245 10 - TITLE STATEMENT
Title Aircraft reciprocating engines :
260 ## - PUBLICATION, DISTRIBUTION, ETC. (IMPRINT)
Place of publication [S.l.] :
Name of publisher Aviation Maintenance Pub,
Year of publication 1983.
300 ## - PHYSICAL DESCRIPTION
Number of Pages 113 p. ;
520 ## - SUMMARY, ETC.
Summary, etc Aviation Technician Training Course EA-ARE.
856 40 - ELECTRONIC LOCATION AND ACCESS
Uniform Resource Identifier http://www.amazon.com/exec/obidos/ASIN/0891000755/chopaconline-20
Holdings
Withdrawn status Lost status Home library Current library Date acquired Full call number Accession Number Koha item type
    Central Library, QUEST, Nawabshah Central Library, QUEST, Nawabshah 11/06/2014 629.13435CRA 26546 Books
    Central Library, QUEST, Nawabshah Central Library, QUEST, Nawabshah 11/06/2014 629.13435CRA 26547 Books

Copyright © 2018,The QUEST, Nawabshah, Shaheed Benazirabad. All rights reserved
Mr. G. Farooq Channar (Librarian) QUEST, Nawabshah, Sindh, Pakistan 67480.
 Ph#: |   0244-9370381-4 Ext. 2308   Email| lib@quest.edu.pk   Web|  http://www.quest.edu.pk